000 00429nam a2200169Ia 4500
008 090711s9999 xx 000 0 und d
082 _b9465
100 _aनाईक राम
245 _aतिSाा भाऊ
260 _c1962
300 _a71
600 _aनाईक राम
630 _aतिSाा भाऊ
700 _aनाईक राम
730 _aतिSाा भाऊ
942 _cBOOK
999 _c303466
_d303466